Datum a čas kvízu
40
Celkem bodů
Celkový počet nahraných bodů na tomto kvízu bez doplňovacích otázek.
3.
Pořadí na kvízu
Konečné umístění týmu na tomto kvízu.
Zaznamenané odpovědi
| # | Otázka | Odpověď | Body | Výsledky |
|---|---|---|---|---|
| 1. | Jedinou ženou zvolenou v pátek... | Žídková | 1 | |
| 2. | Ve středu lehla popelem zbrusu... | v Německu | 1 | |
| 3. | Na úterním pražském koncertu d... | Jonas Brothers | 1 | |
| 4. | Výrobce obuvi Crocs přišel s o... | pro psy | 0 | |
| 5. | Který český fotbalový útočník... | Jakub Řezníček | 1 | |
| 6. | Tentokrát se v gastronomickém... | konvektomat | 1 | |
| 7. | Napište dvě slova pocházející... | sous-vide | 1 | |
| 8. | Nyní se podíváme na symboly, k... | č. 4 | 1 | |
| 9. | Napište značku nádobí, kterou... | Remoska | 1 | |
| 10. | Tuto sadu příborů používáme př... | šneci/ hlemýždi | 1 |